000
00215 a2200097 4500
001
7735
100
_a
Trotman, R.E
245
_a
Longitudinal space charge waves
260
_a
_b
Chapman Hall
_c
090
_c
6192
_d
6192
942
_a
NUST-CAE
_c
M
_c
32703
999
_c
242808
_d
242808